Science Quiz

Random Science Quiz

Reproductive System Terms Quiz Stats

 Plays Quiz not verified by Sporcle

Also try: 'B' Anatomy
Challenge
Share
Tweet
Embed
Score 0/20 Timer 08:00
0 Plays Today
Hint Answer % Correct
Female gamete.egg
89.4%
Birth canal that connects external genitalia to cervix of uterus.vagina
86.7%
Male gamete.sperm
86.1%
Deposits sperm into female reproductive tract; normally flaccid.penis
82.6%
Connects Uterus to Vagina.cervix
81.1%
Hollow, muscular, extensible organ that is the site of implantation; houses developing embryo.uterus
79.6%
Male gonads.testes
78.8%
Female gonadsovaries
77%
Holds testes external to body cavity at slightly lower temperature than that of the body.scrotum
74.9%
Fluid ejaculated from penis that contains sperm.semen
74.3%
Hint Answer % Correct
Tubes that fertilized egg travels through to the uterus.uterine tubes
72.6%
Part of menstral cycle that usually occurs around day 14.ovulation
67.6%
Term for a fertilized egg.zygote
63.1%
Stores and secretes a slightly alkaline fluid that comprises part of semen.prostate
53.4%
Joins urethra via ejaculatory duct in prostrate gland. Vas deferens
47.8%
Androgen produced by leydig cells in seminiferous tubules.testosterone
34.8%
Site of final sperm maturation.epididymus
15.6%
First phase of menstral cycle.follicular phase
13.9%
Second phase of menstral cycle.luteal phase
10.9%
Cells responsible for converting androgens to estrogen in females.granulosa cells
5.3%

You're not logged in!

Compare scores with friends on all Sporcle quizzes.
OR
Log In

You Might Also Like...

Show Comments

Extras

Created May 2, 2011ReportNominate
Tags:reproductive, system, term

Top Quizzes Today


Score Distribution

Your Account Isn't Verified!

In order to create a playlist on Sporcle, you need to verify the email address you used during registration. Go to your Sporcle Settings to finish the process.

Report this User

Report this user for behavior that violates our Community Guidelines.

Details: